| Поле | Инд. | ПП | Название | Значение |
|---|---|---|---|---|
| Тип записи | a | |||
| Библиографический уровень | m | |||
| 001 | _ | Контрольный номер | RU/URAIT/470179 | |
| 005 | _ | Дата корректировки | 20250915104103.3 | |
| 008 | Кодируемые данные | 160629s2021 RU y f j 000 0 rus u | ||
| 020 | a | ISBN | 978-5-534-08970-7 | |
| c | Цена, тираж | 1069.00 | ||
| 040 | a | Служба первич. каталог. | ИКО Юрайт | |
| c | Служба, преобразующая запись | ИКО Юрайт | ||
| e | Правила каталог. | RCR | ||
| 041 | a | Код языка текста | rus | |
| 044 | a | Код страны публикации | RU | |
| 080 | a | Индекс УДК | 93(075.8) | |
| 084 | 2 | Источник индекса | rubbk | |
| a | Индекс другой классификации/Индекс ББК | 63.3(2)я73 | ||
| 100 | 1_ | a | Автор | Семенникова Любовь Ивановна |
| q | Полное имя | Любовь Ивановна | ||
| 245 | a | Заглавие | История России в 2 ч. Часть 1. До начала ХХ века | |
| b | Продолж. заглавия | Учебник для вузов | ||
| c | Ответственность | под ред. Семенниковой Л.И. | ||
| 250 | g | испр. и доп | ||
| a | Основные сведения об издании | 7-е изд. | ||
| 256 | a | Характеристики компьютерного файла | Электрон. дан. | |
| 260 | a | Место издания | Москва | |
| b | Издательство | Юрайт | ||
| c | Дата издания | 2021 | ||
| 300 | a | Объем | 346 с | |
| 440 | a | Серия | Высшее образование | |
| 500 | a | Примечание | URL: https://urait.ru/bcode/470179 (дата обращения: 23.11.2021). | |
| 520 | a | Аннотация | В учебнике ярко, убедительно представлена многовековая история России с древнейших времен до начала XXI века. Издание состоит из двух частей. В первой части рассмотрена история России до начала XX века. Во второй части - история России XX — начала XXI века. | |
| 538 | a | Прим. о системных особенностях | Режим доступа: Электронно-библиотечная система Юрайт, для авториз. пользователей | |
| 653 | a | Ключевые слова | История | |
| 653 | a | Ключевые слова | Гуманитарные и общественные науки. | |
| 653 | a | Ключевые слова | История Отечества | |
| 653 | a | Ключевые слова | История России | |
| 653 | a | Ключевые слова | Отечественная история | |
| 653 | a | Ключевые слова | История России до XX века | |
| 653 | a | Ключевые слова | История России (XVII - начало ХХ вв.) | |
| 653 | a | Ключевые слова | История России (XVIII - начало ХХ вв.) | |
| 653 | a | Ключевые слова | История России (до XX в.) | |
| 653 | a | Ключевые слова | История России (до ХХ века) | |
| 653 | a | Ключевые слова | История России (до ХХ в.) | |
| 653 | a | Ключевые слова | Введение в отечественную историю | |
| 700 | 1_ | a | Другие авторы | Буданов Максим Александрович |
| q | Полное имя | Максим Александрович | ||
| 700 | 1_ | a | Другие авторы | Головкина Наталья Леонидовна |
| q | Полное имя | Наталья Леонидовна | ||
| 700 | 1_ | a | Другие авторы | Калинов Виктор Иванович |
| q | Полное имя | Виктор Иванович | ||
| 700 | 1_ | a | Другие авторы | Квакин Андрей Владимирович |
| q | Полное имя | Андрей Владимирович | ||
| 700 | 1_ | a | Другие авторы | Квашонкин Александр Васильевич |
| q | Полное имя | Александр Васильевич | ||
| 700 | 1_ | a | Другие авторы | Коваленко Николай Алексеевич |
| q | Полное имя | Николай Алексеевич | ||
| 700 | 1_ | a | Другие авторы | Лившин Александр Яковлевич |
| q | Полное имя | Александр Яковлевич | ||
| 700 | 1_ | a | Другие авторы | Макарова Елена Ивановна |
| q | Полное имя | Елена Ивановна | ||
| 700 | 1_ | a | Другие авторы | Малышева Елена Михайловна |
| q | Полное имя | Елена Михайловна | ||
| 700 | 1_ | a | Другие авторы | Полунов Александр Юрьевич |
| q | Полное имя | Александр Юрьевич | ||
| 700 | 1_ | a | Другие авторы | Рубайло Аллентина Ивановна |
| q | Полное имя | Аллентина Ивановна | ||
| 700 | 1_ | a | Другие авторы | Сдобнина Татьяна Васильевна |
| q | Полное имя | Татьяна Васильевна | ||
| 856 | 40 | u | URL | https://urait.ru/bcode/470179 |
| x | Примечание для ЭОР | https://urait.ru/book/cover/CFC97409-CC08-4CA0-9CC0-190D6A03F5E4 | ||
| z | Примечание для пользователя | Участвует в КО | ||
| 856 | 41 | u | URL | https://urait.ru/book/cover/CFC97409-CC08-4CA0-9CC0-190D6A03F5E4 |